[Event "RUS-ch rapid"]
[Site "Sochi"]
[Date "2018.10.05"]
[Round "1.25"]
[White "Mumdgan, Suren"]
[Black "Sarana, Alexey"]
[Result "0-1"]
[WhiteElo "2151"]
[BlackElo "2641"]
[PlyCount "56"]
[EventDate "2018.10.05"]
[EventType "swiss (rapid)"]
[EventRounds "11"]
[EventCountry "RUS"]
[SourceTitle "CBM 186 Extra"]
[Source "ChessBase"]
[SourceDate "2018.08.24"]
[SourceVersion "1"]
[SourceVersionDate "2018.08.24"]
[SourceQuality "1"]

1. d4 Nf6 2. c4 g6 3. Nc3 d5 4. cxd5 Nxd5 5. e4 Nxc3 6. bxc3 Bg7 7. Nf3 c5 8. Rb1 0-0 9. Be2 cxd4 10. cxd4 Qa5+ 11. Qd2 Nc6 12. Qxa5 Nxa5 13. Ba3 Bg4 14. d5 f5 15. Bxe7 Rfe8 16. Bb4 fxe4 17. Nd2 e3 18. Nf3 b6 19. Bxa5 bxa5 20. Rb3 Rac8 21. Rxe3 Rc1+ 22. Bd1 Bc3+ 23. Ke2 Rd8 24. Rd3 Bf5 25. Re3 Bc8 26. Ne5 Ba6+ 27. Kf3 Bd4 28. Nc6 Rf8+ 0-1

[Event "RUS-chT2"]
[Site "Sochi"]
[Date "2018.05.10"]
[Round "9.9"]
[White "Zhukov, Ivan"]
[Black "Mumdgan, Suren"]
[Result "1/2-1/2"]
[WhiteElo "2097"]
[BlackElo "2116"]
[PlyCount "69"]
[EventDate "2018.05.01"]
[EventType "team-swiss"]
[EventRounds "9"]
[EventCountry "RUS"]
[SourceTitle "CBM 184 Extra"]
[Source "ChessBase"]
[SourceDate "2018.06.28"]
[SourceVersion "1"]
[SourceVersionDate "2018.06.28"]
[SourceQuality "1"]
[WhiteTeam "Krasnoyarsk Territory"]
[BlackTeam "North Ossetia Alania"]
[WhiteTeamCountry "RUS"]
[BlackTeamCountry "RUS"]

1. e4 e6 2. d4 d5 3. Nd2 dxe4 4. Nxe4 Nd7 5. Nf3 Ngf6 6. Bg5 Be7 7. Bxf6 Nxf6 8. Bd3 a5 9. 0-0 0-0 10. Nxf6+ Bxf6 11. c3 Qd6 12. Qc2 g6 13. Rad1 Rd8 14. Rfe1 Bd7 15. Ne5 Bxe5 16. Rxe5 Bc6 17. h4 Qe7 18. h5 Qf6 19. Rde1 Rd5 20. R1e3 Rad8 21. hxg6 hxg6 22. Bxg6 Rxe5 23. dxe5 Qg5 24. Rg3 Qh6 25. Be4+ Kf8 26. Bxc6 bxc6 27. Rd3 Rxd3 28. Qxd3 Qc1+ 29. Kh2 Qxb2 30. Qd8+ Kg7 31. Qf6+ Kf8 32. Qd8+ Kg7 33. Qf6+ Kf8 34. Qd8+ Kg7 35. Qf6+ 1/2-1/2

[Event "RUS-chT2"]
[Site "Sochi"]
[Date "2018.05.07"]
[Round "6.8"]
[White "Illina, Natalia"]
[Black "Mumdgan, Suren"]
[Result "0-1"]
[WhiteElo "2146"]
[BlackElo "2116"]
[PlyCount "108"]
[EventDate "2018.05.01"]
[EventType "team-swiss"]
[EventRounds "9"]
[EventCountry "RUS"]
[SourceTitle "CBM 184 Extra"]
[Source "ChessBase"]
[SourceDate "2018.06.28"]
[SourceVersion "1"]
[SourceVersionDate "2018.06.28"]
[SourceQuality "1"]
[WhiteTeam "Cimmeria"]
[BlackTeam "North Ossetia Alania"]
[WhiteTeamCountry "RUS"]
[BlackTeamCountry "RUS"]

1. e4 e6 2. d4 d5 3. Nd2 dxe4 4. Nxe4 Nd7 5. Nf3 Ngf6 6. Bd3 c5 7. 0-0 Qc7 8. c3 Be7 9. Qe2 Nxe4 10. Bxe4 0-0 11. Bc2 Bf6 12. Qe4 g6 13. Bh6 Re8 14. Rad1 Bh8 15. Rfe1 Nf6 16. Qe5 Qb6 17. Qxc5 Qxb2 18. Bb3 b6 19. Qc7 Qa3 20. d5 Re7 21. dxe6 Bxe6 22. Qc6 Rae8 23. Bxe6 Rxe6 24. Rxe6 fxe6 25. Bg5 Qc5 26. Qa4 b5 27. Qd4 Qxd4 28. Nxd4 Ne4 29. Bd2 Rd8 30. f3 Nxd2 31. Rxd2 b4 32. Rc2 bxc3 33. Nb3 a5 34. Nxa5 Rd2 35. Rc1 c2 36. Nb3 Rd1+ 37. Kf2 Rxc1 38. Nxc1 Bb2 39. Nd3 c1Q 40. Nxc1 Bxc1 41. a4 Bd2 42. Ke2 Ba5 43. Kd3 Kf7 44. Kc4 Kf6 45. Kb5 Be1 46. a5 Bf2 47. Kc6 h5 48. a6 h4 49. Kb7 Kf5 50. a7 Bxa7 51. Kxa7 Kf4 52. Kb6 h3 53. gxh3 Kxf3 54. Kc5 e5 0-1

[Event "RUS-chT2"]
[Site "Sochi"]
[Date "2018.05.01"]
[Round "1.9"]
[White "Mumdgan, Suren"]
[Black "Kostin, Alexey"]
[Result "1/2-1/2"]
[WhiteElo "2116"]
[BlackElo "2291"]
[PlyCount "106"]
[EventDate "2018.05.01"]
[EventType "team-swiss"]
[EventRounds "9"]
[EventCountry "RUS"]
[SourceTitle "CBM 184 Extra"]
[Source "ChessBase"]
[SourceDate "2018.06.28"]
[SourceVersion "1"]
[SourceVersionDate "2018.06.28"]
[SourceQuality "1"]
[WhiteTeam "North Ossetia Alania"]
[BlackTeam "Voronezh Region"]
[WhiteTeamCountry "RUS"]
[BlackTeamCountry "RUS"]

1. d4 Nf6 2. c4 e6 3. Nf3 b6 4. g3 Bb7 5. Bg2 Be7 6. Nc3 0-0 7. 0-0 Na6 8. Bg5 c5 9. d5 exd5 10. cxd5 d6 11. Qd2 Re8 12. e4 h6 13. Bf4 Nc7 14. a4 a6 15. Rfe1 b5 16. axb5 axb5 17. Rxa8 Qxa8 18. Nh4 b4 19. Nd1 Bf8 20. Nf5 Qd8 21. f3 Bc8 22. g4 Bxf5 23. gxf5 Nh5 24. Be3 Be7 25. Nf2 Bg5 26. f4 Bh4 27. e5 dxe5 28. fxe5 Rxe5 29. Bxc5 Rxf5 30. Bb6 Qd6 31. Bxc7 Qxc7 32. Re8+ Kh7 33. Be4 Bxf2+ 34. Qxf2 Qc1+ 35. Kg2 Nf4+ 36. Kg3 Nh5+ 37. Kh3 Nf4+ 38. Kg3 Nh5+ 39. Kh3 Nf4+ 40. Kg4 g6 41. Bxf5 gxf5+ 42. Kxf5 Nxd5 43. h4 Qc6 44. Re2 Nf6 45. Kf4 Qc4+ 46. Kf3 Qd5+ 47. Kg3 Ne4+ 48. Rxe4 Qxe4 49. Qxf7+ Kh8 50. b3 Qd4 51. Qf8+ Kh7 52. Qf7+ Qg7+ 53. Qxg7+ Kxg7 1/2-1/2

[Event "Sochi ChessAmateur op"]
[Site "Sochi"]
[Date "2018.04.02"]
[Round "3"]
[White "Mumdgan, Suren"]
[Black "Gharagyozyan, Artur"]
[Result "0-1"]
[WhiteElo "2143"]
[BlackElo "2266"]
[PlyCount "29"]
[EventDate "2018.04.01"]
[EventType "swiss"]
[EventRounds "9"]
[EventCountry "RUS"]
[SourceTitle "CBM 184 Extra"]
[Source "ChessBase"]
[SourceDate "2018.06.28"]
[SourceVersion "1"]
[SourceVersionDate "2018.06.28"]
[SourceQuality "1"]

1. d4 Nf6 2. c4 e6 3. Nf3 d5 4. e3 c6 5. a3 Nbd7 6. Nc3 Bd6 7. Bd3 Qe7 8. 0-0 0-0 9. Re1 dxc4 10. Bxc4 e5 11. e4 exd4 12. Nxd4 Ne5 13. Bf1 Rd8 14. Qe2 Neg4 15. h3 0-1

[Event "Sochi Doroshkevich Amateur op"]
[Site "Sochi"]
[Date "2017.12.25"]
[Round "6"]
[White "Gulamirian, Korun"]
[Black "Mumdgan, Suren"]
[Result "0-1"]
[WhiteElo "1989"]
[BlackElo "2220"]
[PlyCount "86"]
[EventDate "2017.12.21"]
[EventType "swiss"]
[EventRounds "9"]
[EventCountry "RUS"]
[SourceTitle "CBM 182 Extra"]
[Source "ChessBase"]
[SourceDate "2018.02.23"]
[SourceVersion "1"]
[SourceVersionDate "2018.02.23"]
[SourceQuality "1"]

1. e4 e6 2. d4 d5 3. Nd2 dxe4 4. Nxe4 Nd7 5. Nf3 Ngf6 6. Bd3 b6 7. 0-0 Bb7 8. Re1 Be7 9. a3 0-0 10. c3 c5 11. dxc5 Nxc5 12. Nxf6+ Bxf6 13. Bc2 Qxd1 14. Bxd1 Nd3 15. Re3 Rfd8 16. Bc2 Ba6 17. Bxd3 Bxd3 18. Re1 Rd5 19. Bf4 Rb5 20. Be5 Rxb2 21. Bxf6 gxf6 22. Nd4 Rc8 23. Re3 Rxc3 24. Rd1 Rd2 25. Rde1 Rxa3 26. h3 Rda2 27. Rc1 Ra1 28. Rxa1 Rxa1+ 29. Kh2 Bg6 30. Rc3 Be4 31. Rc8+ Kg7 32. Rc7 Bd5 33. Nb5 a5 34. Nd6 a4 35. Rxf7+ Kg6 36. g4 Kg5 37. f3 h5 38. gxh5 f5 39. Kg3 Rf1 40. f4+ Kxh5 41. Rh7+ Kg6 42. Ra7 Rf3+ 43. Kh2 Rxf4 0-1

[Event "RUS-ch blitz"]
[Site "Sochi"]
[Date "2017.10.02"]
[Round "1"]
[White "Sjugirov, Sanan"]
[Black "Mumdgan, Suren"]
[Result "1-0"]
[WhiteElo "2650"]
[BlackElo "2168"]
[PlyCount "61"]
[EventDate "2017.10.02"]
[EventType "swiss (blitz)"]
[EventRounds "20"]
[EventCountry "RUS"]
[SourceTitle "EXT 2018"]
[Source "ChessBase"]
[SourceDate "2017.10.13"]
[SourceVersion "1"]
[SourceVersionDate "2017.10.13"]
[SourceQuality "1"]

1. d4 d5 2. c4 c6 3. Nf3 Nf6 4. e3 Bf5 5. Nc3 e6 6. Nh4 Bg4 7. Qb3 Qb6 8. h3 Bh5 9. g4 Bg6 10. Nxg6 hxg6 11. g5 Nfd7 12. Bd2 Qxb3 13. axb3 Be7 14. Rg1 Rh5 15. f4 Nf8 16. c5 Nbd7 17. b4 b5 18. Kf2 f5 19. Kg2 Bd8 20. Be2 Rh8 21. Ra2 Nb8 22. Rga1 a6 23. Nxb5 cxb5 24. Bxb5+ Ke7 25. Bxa6 Nxa6 26. Rxa6 Rxa6 27. Rxa6 Nd7 28. Ra7 Ke8 29. b5 Rf8 30. Ra8 Rf7 31. Ba5 1-0

[Event "Sochi City-ch"]
[Site "Sochi"]
[Date "2017.09.09"]
[Round "8"]
[White "Mumdgan, Suren"]
[Black "Gorobets, Sergey"]
[Result "1-0"]
[WhiteElo "2168"]
[BlackElo "1937"]
[PlyCount "57"]
[EventDate "2017.09.02"]
[EventType "swiss"]
[EventRounds "9"]
[EventCountry "RUS"]
[SourceTitle "CBM 180 Extra"]
[Source "ChessBase"]
[SourceDate "2017.10.06"]
[SourceVersion "1"]
[SourceVersionDate "2017.10.06"]
[SourceQuality "1"]

1. Nf3 d5 2. d4 Nc6 3. Bf4 Bg4 4. Nbd2 e6 5. e3 Bd6 6. Bxd6 cxd6 7. h3 Bh5 8. c4 Nf6 9. g4 Bg6 10. g5 Ne4 11. cxd5 exd5 12. Qb3 0-0 13. h4 Qa5 14. Be2 Nxd2 15. Nxd2 Rac8 16. a3 Rfe8 17. Qb5 Qc7 18. Qxd5 Ne7 19. Qc4 Qd8 20. Qb3 Bc2 21. Qxb7 Rb8 22. Qf3 Rxb2 23. Nc4 Rb3 24. Rc1 Nf5 25. Qf4 Be4 26. 0-0 g6 27. Bg4 Nxh4 28. Nxd6 Bb7 29. Qxf7+ 1-0

[Event "Doroshkevich Memorial op"]
[Site "Sochi"]
[Date "2012.12.02"]
[Round "7"]
[White "Mumdgan, Suren"]
[Black "Ostrovsky, Alexander"]
[Result "0-1"]
[WhiteElo "2166"]
[BlackElo "2343"]
[PlyCount "66"]
[EventDate "2012.11.26"]
[EventType "swiss"]
[EventRounds "9"]
[EventCountry "RUS"]
[SourceTitle "EXT 2014"]
[Source "ChessBase"]
[SourceDate "2013.11.20"]
[SourceVersion "1"]
[SourceVersionDate "2013.11.20"]
[SourceQuality "1"]

1. d4 d5 2. c4 dxc4 3. e3 Nf6 4. Bxc4 e6 5. Nf3 c5 6. 0-0 a6 7. a4 Nc6 8. Nc3 Be7 9. b3 0-0 10. Bb2 cxd4 11. exd4 Nb4 12. Qe2 Bd7 13. Rfe1 Bc6 14. Ne5 Bd5 15. Rad1 Rc8 16. Qd2 Nc6 17. Re3 Bb4 18. Qd3 Ne7 19. Rh3 Bxc3 20. Bxc3 Be4 21. Qe2 Ned5 22. Bd2 Bf5 23. g4 Bg6 24. g5 Ne4 25. Nxg6 Nxd2 26. Nxf8 Nf4 27. Qxd2 Nxh3+ 28. Kg2 Nxg5 29. Nd7 Ne4 30. Qf4 Nc3 31. Rc1 Rxc4 32. bxc4 Ne2 33. Nf6+ Kh8 0-1

[Event "Doroshkevich Memorial op"]
[Site "Sochi"]
[Date "2012.12.01"]
[Round "6"]
[White "Muromtsev, Arthur"]
[Black "Mumdgan, Suren"]
[Result "1-0"]
[WhiteElo "2258"]
[BlackElo "2166"]
[PlyCount "81"]
[EventDate "2012.11.26"]
[EventType "swiss"]
[EventRounds "9"]
[EventCountry "RUS"]
[SourceTitle "EXT 2014"]
[Source "ChessBase"]
[SourceDate "2013.11.20"]
[SourceVersion "1"]
[SourceVersionDate "2013.11.20"]
[SourceQuality "1"]

1. e4 e6 2. b3 d5 3. Bb2 dxe4 4. Nc3 Nf6 5. Qe2 Bc5 6. Nxe4 Bd4 7. c3 Bb6 8. Nf3 Nbd7 9. Ba3 Nxe4 10. Qxe4 Bc5 11. Bxc5 Nxc5 12. Qe5 Nd3+ 13. Bxd3 Qxd3 14. Qxg7 Qe4+ 15. Kf1 Qd3+ 16. Kg1 Rf8 17. Ng5 Ke7 18. Nxh7 Rd8 19. Qf6+ Ke8 20. Ng5 Qd7 21. Qh8+ Ke7 22. Qg7 Qe8 23. h4 b6 24. Re1 Rd5 25. Rh3 Rf5 26. Nxe6 Bxe6 27. Rxe6+ Kxe6 28. Re3+ Kd6 29. Qd4+ Rd5 30. Rxe8 Rxe8 31. Qf4+ Kc6 32. d4 Rd7 33. Qf3+ Kd6 34. g4 Re1+ 35. Kg2 Rde7 36. h5 R1e2 37. h6 Re8 38. h7 R2e6 39. Qxf7 Rd8 40. Qg7 Ree8 41. g5 1-0

[Event "Doroshkevich Memorial op"]
[Site "Sochi"]
[Date "2012.11.28"]
[Round "3"]
[White "Mumdgan, Suren"]
[Black "Trubchaninov, Artem"]
[Result "0-1"]
[WhiteElo "2166"]
[BlackElo "1698"]
[PlyCount "150"]
[EventDate "2012.11.26"]
[EventType "swiss"]
[EventRounds "9"]
[EventCountry "RUS"]
[SourceTitle "EXT 2014"]
[Source "ChessBase"]
[SourceDate "2013.11.20"]
[SourceVersion "1"]
[SourceVersionDate "2013.11.20"]
[SourceQuality "1"]

1. d4 Nf6 2. c4 e6 3. Nf3 Bb4+ 4. Bd2 Bxd2+ 5. Nbxd2 b6 6. e4 d6 7. Qc2 Bb7 8. Bd3 h6 9. a3 0-0 10. e5 dxe5 11. dxe5 Nfd7 12. h4 Nc6 13. Bh7+ Kh8 14. Be4 Nc5 15. 0-0-0 Qe7 16. Ng5 Nd4 17. Qb1 Ne2+ 18. Kc2 Nd4+ 19. Kc3 Rad8 20. b3 Bxe4 21. Ndxe4 Ne2+ 22. Kb2 Rxd1 23. Qxd1 Nf4 24. Qc2 Ncd3+ 25. Ka2 Nxe5 26. g3 Nh5 27. f4 Ng4 28. Nf2 Ngf6 29. Qc3 Kg8 30. Qf3 g6 31. g4 Ng7 32. Ngh3 Rd8 33. Rd1 Rxd1 34. Qxd1 h5 35. g5 Nfe8 36. Ne4 Nf5 37. Nhf2 Nxh4 38. Qd4 Nf5 39. Qe5 Qd8 40. Qb5 Nfd6 41. Qe5 a6 42. a4 Nf5 43. Qc3 Qd4 44. Qxd4 Nxd4 45. Kb2 Kg7 46. Nd3 Nd6 47. Nf6 h4 48. b4 Ne2 49. c5 bxc5 50. Nxc5 h3 51. Ng4 a5 52. bxa5 Nxf4 53. a6 Nc8 54. Nd7 Na7 55. Kc3 Nd5+ 56. Kd4 Nb4 57. Nc5 Nac6+ 58. Kc4 Nxa6 59. Kb5 Nxc5 60. Kxc5 Na7 61. Kb4 Kf8 62. Ka5 Ke7 63. Ka6 c5 64. Kxa7 c4 65. Kb7 c3 66. a5 c2 67. a6 c1Q 68. a7 Qb2+ 69. Kc7 Qc3+ 70. Kb7 Qb4+ 71. Kc7 Qa5+ 72. Kb7 Qb5+ 73. Kc7 Qa6 74. Kb8 Qb6+ 75. Ka8 Qc7 0-1

[Event "Anapa op"]
[Site "Anapa"]
[Date "2012.08.30"]
[Round "1"]
[White "Gagarin, Sergey"]
[Black "Mumdgan, Suren"]
[Result "1/2-1/2"]
[WhiteElo "1860"]
[BlackElo "2193"]
[PlyCount "129"]
[EventDate "2012.08.30"]
[EventType "swiss"]
[EventRounds "9"]
[EventCountry "RUS"]
[SourceTitle "CBM 150 Extra"]
[Source "ChessBase"]
[SourceDate "2012.10.19"]
[SourceVersion "1"]
[SourceVersionDate "2012.10.19"]
[SourceQuality "1"]

1. e4 e6 2. d3 d5 3. Nd2 dxe4 4. dxe4 b6 5. Ngf3 Bb7 6. Bb5+ Nd7 7. Ne5 Ngf6 8. Ndc4 Qe7 9. c3 0-0-0 10. Qa4 Kb8 11. Nxd7+ Nxd7 12. Bxd7 Rxd7 13. Ne5 Rd6 14. 0-0 f6 15. Nf3 e5 16. Be3 Bc6 17. Qc2 g5 18. b4 Bb5 19. Rfd1 Qe6 20. Rxd6 Bxd6 21. Nd2 Ba6 22. a4 Bb7 23. a5 c5 24. axb6 cxb4 25. bxa7+ Ka8 26. cxb4 Rc8 27. Bc5 Bxc5 28. bxc5 Qc6 29. Ra5 f5 30. f3 g4 31. Qa4 Qxa4 32. Rxa4 gxf3 33. gxf3 Rxc5 34. exf5 Rc6 35. Nc4 Rf6 36. Kf2 Ba6 37. Nxe5 Kxa7 38. Rf4 Bc8 39. Ng4 Rf8 40. f6 Kb6 41. Kg3 Kc5 42. Kh4 Kd5 43. Kg5 Be6 44. Kh6 Rf7 45. Kg5 Rf8 46. Ne3+ Ke5 47. Re4+ Kd6 48. Nf5+ Kd5 49. Ng7 Bf7 50. Kh6 Bg6 51. Re6 Rf7 52. h4 Bd3 53. Rb6 Ke5 54. Re6+ Kd5 55. Kg5 Bc2 56. Re7 Rf8 57. Ne6 Rg8+ 58. Rg7 Rc8 59. Nf4+ Kd6 60. f7 Rc5+ 61. Kg4 Bf5+ 62. Kg3 Ke7 63. Rg5 Kxf7 64. Ne2 h6 65. Rh5 1/2-1/2

[Event "Moscow op-E"]
[Site "Moscow"]
[Date "2011.01.31"]
[Round "3.65"]
[White "Ulko, Jaroslav"]
[Black "Mumdgan, Suren"]
[Result "1-0"]
[WhiteElo "2458"]
[BlackElo "2182"]
[PlyCount "87"]
[EventDate "2011.01.29"]
[EventType "swiss"]
[EventRounds "9"]
[EventCountry "RUS"]
[SourceTitle "EXT 2022"]
[Source "ChessBase"]
[SourceDate "2021.10.06"]
[SourceVersion "1"]
[SourceVersionDate "2021.10.06"]
[SourceQuality "1"]

1. d4 Nf6 2. c4 g6 3. Nc3 Bg7 4. e4 d6 5. Nf3 0-0 6. Be2 e5 7. Be3 exd4 8. Nxd4 Re8 9. f3 c6 10. Bf2 d5 11. exd5 cxd5 12. c5 a6 13. 0-0 Nbd7 14. b4 b6 15. c6 Ne5 16. a4 Nh5 17. Qc1 Qd6 18. b5 Nc4 19. Rd1 Nf4 20. Bf1 Bh6 21. Re1 Re5 22. Rxe5 Nxe5 23. Qc2 axb5 24. Ncxb5 Qc5 25. Qd1 Nxc6 26. Nf5 Qf8 27. Nxh6+ Qxh6 28. Nc7 Rb8 29. Nxd5 Qg5 30. Nxf4 Qxf4 31. Kh1 Qf6 32. Rb1 Na5 33. Qd4 Qc6 34. Qd8+ Kg7 35. Bd4+ f6 36. Qe7+ Kg8 37. Bxf6 Rb7 38. Qd8+ Kf7 39. Ba1 Rd7 40. Qh8 Qe6 41. Qxh7+ Ke8 42. Bb5 Nc6 43. Qh4 Re7 44. h3 1-0

[Event "Anapa"]
[Site "Anapa"]
[Date "2010.09.08"]
[Round "9"]
[White "Mumdgan, Suren"]
[Black "Romcovici, Victor"]
[Result "0-1"]
[WhiteElo "2176"]
[BlackElo "2223"]
[PlyCount "100"]
[EventDate "2010.08.31"]
[EventType "tourn"]
[EventRounds "11"]
[EventCountry "RUS"]
[EventCategory "1"]
[SourceTitle "CBM 138 Extra"]
[Source "ChessBase"]
[SourceDate "2010.10.29"]
[SourceVersion "1"]
[SourceVersionDate "2010.10.29"]
[SourceQuality "1"]

1. d4 c5 2. d5 Nf6 3. c4 e5 4. Nc3 d6 5. g3 Be7 6. Bg2 0-0 7. e4 Ne8 8. Nge2 Bg5 9. f4 exf4 10. gxf4 Bh6 11. 0-0 Qh4 12. Qe1 Qe7 13. Ng3 g6 14. Qe2 Bg7 15. Bd2 a6 16. Rae1 Nd7 17. Nd1 b5 18. Bc3 bxc4 19. Bxg7 Nxg7 20. Ne3 c3 21. bxc3 a5 22. Rf2 Ba6 23. Qd2 Rab8 24. c4 Qd8 25. Qc3 Re8 26. Nc2 a4 27. Bh3 Nb6 28. Na3 Qh4 29. Bf1 Bc8 30. Nb5 Rd8 31. e5 dxe5 32. fxe5 Bd7 33. Nd6 Rf8 34. Kh1 Bh3 35. Re4 Qh6 36. Ref4 Bxf1 37. Rxf1 Qh3 38. Nxf7 Nf5 39. e6 Rxf7 40. exf7+ Kxf7 41. Nxf5 Qxc3 42. Nd4+ Kg8 43. Ne6 h5 44. h4 Nxc4 45. Rf8+ Rxf8 46. Rxf8+ Kh7 47. Ng5+ Kh6 48. Kh2 Ne5 49. d6 Qd2+ 50. Kh3 Qxd6 0-1

[Event "Anapa"]
[Site "Anapa"]
[Date "2010.09.03"]
[Round "4"]
[White "Oganian, Miran"]
[Black "Mumdgan, Suren"]
[Result "1-0"]
[WhiteElo "2047"]
[BlackElo "2176"]
[PlyCount "127"]
[EventDate "2010.08.31"]
[EventType "tourn"]
[EventRounds "11"]
[EventCountry "RUS"]
[EventCategory "1"]
[SourceTitle "CBM 138 Extra"]
[Source "ChessBase"]
[SourceDate "2010.10.29"]
[SourceVersion "1"]
[SourceVersionDate "2010.10.29"]
[SourceQuality "1"]

1. d4 Nf6 2. c4 g6 3. Nc3 Bg7 4. e4 d6 5. Be2 0-0 6. Nf3 e5 7. d5 Nbd7 8. 0-0 Nc5 9. Qc2 a5 10. Ne1 Ne8 11. Nd3 f5 12. Nxc5 dxc5 13. Be3 b6 14. f3 Nd6 15. a3 Bd7 16. b3 Bf6 17. Kh1 f4 18. Bg1 g5 19. Rab1 h5 20. b4 axb4 21. axb4 cxb4 22. Rxb4 Ra5 23. Nb5 Nxb5 24. cxb5 Be7 25. Ra4 Rxa4 26. Qxa4 Bd6 27. Ra1 g4 28. Bf2 Kh7 29. Qd1 Rg8 30. Qe1 g3 31. Bg1 Qh4 32. Bf1 Bc5 33. h3 Bf2 34. Qc1 Kh6 35. Qd1 Qg5 36. Qd2 Bxh3 37. Bxf2 Qh4 38. Kg1 Bd7 39. Bxg3 Qxg3 40. Qf2 Qg6 41. Rc1 Qd6 42. Qc2 Rc8 43. Qc3 h4 44. Qd2 Qg6 45. Qf2 Qg5 46. d6 Rg8 47. dxc7 h3 48. Kh2 Qg3+ 49. Qxg3 fxg3+ 50. Kh1 h2 51. Rd1 Ra8 52. Rd6+ Kg5 53. Rxd7 Ra1 54. Rg7+ Kf4 55. Rg4+ Ke3 56. Rxg3 Rxf1+ 57. Kxh2 Rc1 58. Rg7 Rc5 59. Kg3 Kd4 60. Kg4 Kc4 61. Kf5 Kxb5 62. Ke6 Ka6 63. Kd7 Kb7 64. Kd8 1-0

[Event "Anapa"]
[Site "Anapa"]
[Date "2010.09.02"]
[Round "3"]
[White "Stambulian, Arsen"]
[Black "Mumdgan, Suren"]
[Result "0-1"]
[WhiteElo "2410"]
[BlackElo "2176"]
[PlyCount "90"]
[EventDate "2010.08.31"]
[EventType "tourn"]
[EventRounds "11"]
[EventCountry "RUS"]
[EventCategory "1"]
[SourceTitle "CBM 138 Extra"]
[Source "ChessBase"]
[SourceDate "2010.10.29"]
[SourceVersion "1"]
[SourceVersionDate "2010.10.29"]
[SourceQuality "1"]

1. d4 Nf6 2. g3 g6 3. Bg2 d5 4. Nf3 Bg7 5. 0-0 0-0 6. c4 c6 7. cxd5 cxd5 8. Nc3 Nc6 9. Ne5 Be6 10. Qa4 Qb6 11. e3 Rac8 12. Rd1 Rfd8 13. Nxc6 Rxc6 14. Qa3 Bf8 15. Na4 Qa6 16. Bf1 b5 17. Nc5 Qxa3 18. bxa3 Bg4 19. Re1 a6 20. Bd2 Ne4 21. Ba5 Rdc8 22. Bb4 Nxc5 23. Bxc5 e6 24. Bxf8 Kxf8 25. Kg2 Bf5 26. Be2 g5 27. h3 Ke7 28. g4 Bc2 29. h4 h6 30. hxg5 hxg5 31. Rh1 Rc3 32. Rh5 Kf6 33. Bd1 Bg6 34. Rh1 Rxa3 35. Re1 Bd3 36. Be2 Bc4 37. Rec1 Ke7 38. Rc2 Rb8 39. Rb2 b4 40. Bxc4 dxc4 41. Rc1 c3 42. Rb3 Rxb3 43. axb3 a5 44. Ra1 Ra8 45. Kf3 a4 0-1

[Event "Sukhumi op"]
[Site "Sukhumi"]
[Date "2008.08.08"]
[Round "7"]
[White "Li, Sergey"]
[Black "Mumdgan, Suren"]
[Result "0-1"]
[WhiteElo "2117"]
[BlackElo "2161"]
[PlyCount "82"]
[EventDate "2008.08.03"]
[EventType "swiss"]
[EventRounds "9"]
[EventCountry "GEO"]
[SourceTitle "CBM 126 Extra"]
[Source "ChessBase"]
[SourceDate "2008.11.05"]
[SourceVersion "1"]
[SourceVersionDate "2008.11.05"]
[SourceQuality "1"]

1. e4 e6 2. d4 d5 3. Nc3 Bb4 4. e5 c5 5. a3 Bxc3+ 6. bxc3 Ne7 7. Nf3 Nbc6 8. Bd3 Qa5 9. Bd2 Qa4 10. dxc5 Ng6 11. Qe2 Qa5 12. h4 Qxc5 13. h5 Nf4 14. Qf1 Nxd3+ 15. Qxd3 h6 16. Rh4 Bd7 17. Rg4 0-0-0 18. Rxg7 Qf8 19. Rh7 f5 20. Bxh6 Qe8 21. Rxh8 Qxh8 22. Qe3 Rg8 23. 0-0-0 Rg4 24. Rh1 f4 25. Bxf4 Qf8 26. g3 Qxa3+ 27. Kd2 Na5 28. Qd3 Nc4+ 29. Ke2 Nb2 30. Qe3 Bb5+ 31. Ke1 Nc4 32. Qd4 Qa1+ 33. Qd1 Qxc3+ 34. Nd2 Nxe5 35. h6 Rg8 36. f3 Ng6 37. Qb1 a6 38. Bd6 Ne5 39. Bb4 Qe3+ 40. Kd1 Nxf3 41. c4 Nxd2 0-1

[Event "Sukhumi op"]
[Site "Sukhumi"]
[Date "2008.08.05"]
[Round "4"]
[White "Mumdgan, Suren"]
[Black "Lebedev, Sergey"]
[Result "0-1"]
[WhiteElo "2161"]
[BlackElo "2325"]
[PlyCount "64"]
[EventDate "2008.08.03"]
[EventType "swiss"]
[EventRounds "9"]
[EventCountry "GEO"]
[SourceTitle "CBM 126 Extra"]
[Source "ChessBase"]
[SourceDate "2008.11.05"]
[SourceVersion "1"]
[SourceVersionDate "2008.11.05"]
[SourceQuality "1"]

1. d4 d5 2. c4 e6 3. Nf3 Nf6 4. g3 Bb4+ 5. Nbd2 dxc4 6. Qc2 b5 7. Bg2 Bb7 8. 0-0 0-0 9. b3 c3 10. a3 cxd2 11. Bb2 Be4 12. Qd1 Be7 13. Qxd2 Qd5 14. Rfc1 c6 15. a4 Nbd7 16. axb5 cxb5 17. Rc7 g6 18. Qc3 Bd6 19. Ba3 Bxa3 20. Rxa3 Qd6 21. Qc1 Ne8 22. Rxd7 Qxd7 23. Ne5 Qxd4 24. Bxe4 Qxe4 25. Nd7 Nf6 26. Nxf8 Rxf8 27. Ra6 Qxe2 28. Qa1 h5 29. Qa2 Qf3 30. Qb2 Rd8 31. Ra1 Ne4 32. Rf1 Rd2 0-1

[Event "Sukhumi op"]
[Site "Sukhumi"]
[Date "2008.08.04"]
[Round "2"]
[White "Mumdgan, Suren"]
[Black "Strelnikov, Sergey"]
[Result "0-1"]
[WhiteElo "2161"]
[BlackElo "2334"]
[PlyCount "92"]
[EventDate "2008.08.03"]
[EventType "swiss"]
[EventRounds "9"]
[EventCountry "GEO"]
[SourceTitle "CBM 126 Extra"]
[Source "ChessBase"]
[SourceDate "2008.11.05"]
[SourceVersion "1"]
[SourceVersionDate "2008.11.05"]
[SourceQuality "1"]

1. d4 g6 2. c4 Bg7 3. Nc3 c5 4. d5 Bxc3+ 5. bxc3 f5 6. Bg5 Qa5 7. Qc2 d6 8. Nh3 Nf6 9. Bh6 Nbd7 10. e3 Ne5 11. Be2 Bd7 12. 0-0 Ba4 13. Qb2 0-0-0 14. Ng5 Rhg8 15. Ne6 Rd7 16. Nf8 Rd8 17. Ne6 Rde8 18. Bf4 Ne4 19. Rfc1 Nf7 20. f3 Nf6 21. Rab1 Qa6 22. Qa3 Nd7 23. Rb2 Nd8 24. Rcb1 Nxe6 25. dxe6 Nb6 26. Bd3 g5 27. Bg3 Ref8 28. f4 Rg6 29. fxg5 Rxe6 30. Bf4 Bc6 31. Qxa6 bxa6 32. Be2 Be4 33. Rf1 Rg6 34. h4 e5 35. Bh2 h6 36. Bh5 Rgg8 37. g6 Nxc4 38. Rbf2 Nxe3 39. Re1 f4 40. g3 Bxg6 41. Bxg6 Ng4 42. Bh7 Rg7 43. gxf4 Nxf2+ 44. Kxf2 Rxh7 45. Rg1 Rf6 46. Rg8+ Kd7 0-1

[Event "Sukhumi op"]
[Site "Sukhumi"]
[Date "2008.08.03"]
[Round "1"]
[White "Akbaev, Kazbek"]
[Black "Mumdgan, Suren"]
[Result "0-1"]
[WhiteElo "2416"]
[BlackElo "2161"]
[PlyCount "66"]
[EventDate "2008.08.03"]
[EventType "swiss"]
[EventRounds "9"]
[EventCountry "GEO"]
[SourceTitle "CBM 126 Extra"]
[Source "ChessBase"]
[SourceDate "2008.11.05"]
[SourceVersion "1"]
[SourceVersionDate "2008.11.05"]
[SourceQuality "1"]

1. Nf3 Nf6 2. d4 g6 3. c4 Bg7 4. Nc3 0-0 5. h3 d6 6. Bf4 Nbd7 7. e3 c6 8. Be2 Qa5 9. 0-0 e5 10. Bh2 exd4 11. exd4 d5 12. Bd6 Re8 13. b4 Qa3 14. Qc2 Nb6 15. c5 Bf5 16. Qb3 Qxb3 17. axb3 Nbd7 18. Nd2 Ne4 19. Ndxe4 Bxe4 20. Rad1 Bc2 21. Rd2 Bxb3 22. Rb1 Bc4 23. Bxc4 dxc4 24. b5 Nf6 25. bxc6 bxc6 26. Rb4 Re1+ 27. Kh2 Rc1 28. Na2 Nd5 29. Ra4 c3 30. Rd3 Rc2 31. Kg3 Rxa2 32. Rxa2 Nb4 33. Rxc3 Nxa2 0-1